000 01051pam a2200289 a 4500
001 4312452
003 NUST-PNEC
005 20170116180706.0
008 870316s1987 nyua b 001 0 eng
010 _a 87007693
020 _a002947700X
040 _aDLC
_cPNEC
050 0 0 _aTA1522
_b.R36 1987
082 0 0 _a621.36 RAN
_219
100 1 _aRancourt, James D.
245 1 0 _aOptical thin films :
_busers' handbook /
_cJames D. Rancourt.
260 _aNew York :
_bMacmillan ;
_aLondon :
_bCollier Macmillan,
_cc1987.
300 _axii, 289 p. :
_bill. ;
_c25 cm.
440 4 _aThe Macmillan series in optical and electro-optical engineering
500 _aIncludes index. http://www.amazon.com/Optical-thin-films-electro-optical-engineering/dp/002947700X/ref=sr_1_1?s=books&ie=UTF8&qid=1411530941&sr=1-1&keywords=002947700x
504 _aBibliography: p. 281-286.
650 0 _aOptical films.
_xEE, EL, MS COMM
650 0 _aLight filters.
650 0 _aThin films.
906 _a7
_bcbc
_corignew
_d1
_eocip
_f19
_gy-gencatlg
942 _2ddc
_cBK
999 _c60718
_d60718